| 000 | 01111nam a2200253 i 4500 | ||
|---|---|---|---|
| 001 | 166174 | ||
| 003 | ES-MaACL | ||
| 005 | 20251002162150.0 | ||
| 008 | 931025s1788 sp |||| | spa d | ||
| 040 |
_aCYL _bspa _cPAB |
||
| 100 | 1 |
_aTerreros y Pando, Esteban de, _d1707-1782 _9109787 |
|
| 245 | 1 | 0 |
_aDiccionario castellano _b: con las voces de ciencias y artes y sus correspondientes en las tres lenguas francesa latina e italiana / _csu autor el P. Esteban de Terreros y Pando ; tomo tercero. |
| 260 |
_aMadrid : _ben la imprenta de la viuda de Ibarra, hijos y compañia, _c1788. |
||
| 300 |
_a[2], 857 p. ; _cFol. |
||
| 596 | _aMarca tip. en port. | ||
| 597 | _aSign.: [ ]\p1\s, A-Z\p4\s, 2A-2Z\p4\s, 3A-3Z\p4\s, 4A-4Z\p4\s, 5A-5O\p4\s, 5P\p5\s. | ||
| 597 | _aTexto a dos col. | ||
| 650 | 1 | 4 |
_aLengua española- _vDiccionarios. _914137 |
| 700 |
_a _eimp. _9242301 |
||
| 752 |
_aEspaña - _dMadrid |
||
| 852 |
_aES-MaACL _jR-89-92 _z-- Enc. pasta española con hierros dorados, no original de la época _x Olim: B-287-90 |
||
| 999 |
_c166174 _d166174 |
||